| 000 | 00462nam a22001577a 4500 | ||
|---|---|---|---|
| 005 | 20250208190140.0 | ||
| 008 | 250208b |||||||| |||| 00| 0 eng d | ||
| 020 | _a8171797873 | ||
| 050 | _aRC735.5 CHO | ||
| 100 | _aChowdhury, Sunanda S. Roy | ||
| 245 |
_aRespiratory Nursing Care/ _cSunanda S. Roy Chowdhury |
||
| 260 |
_aNew Delhi _bJaypee Brothers Medical Publishers _c2000 |
||
| 300 |
_a138p. _bill. _c21.5cm |
||
| 500 | _aincludes index | ||
| 942 |
_2lcc _cBK _n0 |
||
| 999 |
_c3700 _d3700 |
||